personnage culte de jeux vidéo - Statistiques

Statistiques générales
  • Ce quiz a été pris 105 fois
  • Le résultat moyen est 11 sur 53
Statistiques - réponses
année Type du jeu de première d'apparition console/bios de première apparition personnage société de développement % Correct
1981 Jeu de plates-formes arcade mario nintendo
93%
1990 Jeu de course arcade sonic sega
66%
1980 Action arcade pacman namco
63%
1991 Jeu de combat arcade chun-li capcom
52%
1986 action-aventure famicom/NES link nintendo
47%
1983 Jeu de plates-formes Game and watch luigi nintendo
47%
1987 jeu de combat arcade ryu capcom
38%
1996 Action-aventure DOS ; Playstation; Saturn et Macintosh lara croft core designe
36%
1996 RPG gameboy pikachu game freak
33%
1995 Jeu de plates-formes jaguar rayman ubisoft
31%
2011 Bac à sable navigateur web steve mojang
30%
1996 Jeu de plates-formes Playstation crash bandicoot naughty dog
29%
2007 Aventure Playstation 3 nathan drake naughty dog
26%
2007 Reflexion Nintendo ds professeur layton level 5
26%
1987 action-infiltration MSX2 solid snake konami
26%
1992 Jeu de plates-formes gameboy kirby nintendo
25%
1990 Jeu de plates-formes super famicom/ SNES yoshi nintendo
24%
1997 RPG Playstation; Windows Cloud square
22%
2005 Beat them all Playstation 2 kratos santa monica
22%
2001 FPS Xbox master chief bungie
22%
1987 action-plates-formes famicom/NES mega man capcom
21%
2009 Artillerie ;Puzzle IOS Red Rovio entertainment
21%
1986 metroidvania famicom/NES samus aran nintendo
19%
1992 Jeu de combat arcade sub-zero midway
19%
2002 Action-plates-formes Playstation 2 ratchet insomniac games
16%
1992 Jeu de combat arcade scorpion midway
16%
2016 FPS Windows; Playstation 4, Xbox one Tracer Blizzard Entertainment
16%
1986 Jeu de plates-formes master system alex kidd sega
14%
2015 RPG Steam sans toby fox
14%
1998 Jeu de plates-formes Playstation spyro insomniac games
13%
1998 Jeu de plates-formes Nintendo 64 banjo & kazooie rare
12%
1986 metroidvania famicom/NES simon belmont konami
12%
1993 FPS PC Doomguy Id software
11%
2002 RPG Playstation 2 sora square enix
11%
2009 MOBA Windows; Mac Os Teemo Riot Games
11%
2017 metroidvania PC(Tout bios) Hollow knight Team Cherry
10%
2006 Party game (wii) ; Plates-formes (GBA) Wii; GBA Lapins crétins Ubisoft
10%
2001 Beat them all Playstation 2 Dante capcom
9%
2014 Jeu d'horreur Desura; Steam Freddy Scott Cawthon
9%
2011 action-aventure Steam isaac Edmund McMillen
9%
2001 Jeu de plates-formes Playstation 2 Jak (jak and daxter) naughty dog
9%
1983 Action MSX bomberman hudson soft
8%
2002 Jeu de plates-formes Playstation 2 Sly cooper sucker punch
8%
2001 Action-aventure-plates-formes Nintendo 64 conker rare
7%
2011 Action-RPG Playstation 3, windows,Xbox 360 Dovahkiin Bethesda
5%
2001 Reflexion Gameboy advance phoenix wright capcom
5%
2013 RPG Nintendo 3ds jibanyan level 5
4%
2001 Jeu d'horreur Playstation 2 pyramid head Konami
4%
2008 Jeu de plates-formes ; éditeur de niveau Playstation 3 sacboy media molecule
4%
2017 Jeu d'horreur Windows;Playstation 4;Xbox one, nintendo switch Six Tarsier studio
3%
2006 action-aventure Playstation 2 amaterasu clover studio
2%
1991 Reflexion Amiga ; PC Lemmings DMA design
2%
1997 RPG open world DOS;Windows;Mac OS Vaultboy ou Falloutboy Bethesda
1%
Aucun quiz correspondant
Distribution des résultats
% des personnes avec chaque résultat
Percentile par nombre de réponses
Votre historique - résultats
Vous n’avez pas pris ce quiz